[Event "Pinamar Masters 1st"]
[Site "Pinamar"]
[Date "2001.03.17"]
[Round "10"]
[White "Andersson, Ulf"]
[Black "Szmetan, Jorge"]
[Result "1-0"]
[WhiteElo "2640"]
[BlackElo "2394"]
[Annotator "Stohl,I"]
[PlyCount "49"]
[EventDate "2001.03.08"]
[EventType "tourn"]
[EventRounds "11"]
[EventCountry "ARG"]
[EventCategory "8"]
[SourceTitle "CBM 082"]
[Source "ChessBase"]
[SourceDate "2001.05.17"]
[SourceVersion "1"]
[SourceVersionDate "2001.05.17"]
[SourceQuality "1"]

1. Nf3 Nf6 2. c4 c5 3. Nc3 b6 4. g3 Bb7 5. Bg2 e6 6. O-O Be7 7. d4 cxd4 8. Qxd4
d6 9. b3 Nbd7 10. Rd1 a6 11. Ng5 $5 {Andersson chooses an unusual sideline,
immediately targetting the vulnerable Pd6. Although the weakness of the
Hedgehog pawns (b6,d6, later even e6) eventually causes Black's downfall, this
variation is not so dangerous if he is well prepared.} (11. e4 Qc8 12. Bb2 {
keeps more pieces and tension on the board, giving White some chances for a
more durable advantage.}) 11... Bxg2 12. Kxg2 Qc7 (12... O-O $1 13. Nge4 (13.
Bb2 Qc7 14. f3 Qb7 (14... Rfd8 $142 15. Nge4 Ne8 $132) 15. Nge4 Ne8 16. a4 Nc5
17. Nd2 Bg5 18. Nce4 Bxd2 19. Nxd6 Qd7 20. Qxd2 Qxd6 21. Qxd6 Nxd6 22. Rxd6
Nxb3 23. Rb1 Rfc8 24. Bxg7 Kxg7 25. Rxb3 Rxc4 26. Rbxb6 Rxa4 27. Rb7 $14 {
/=,Ninov,K-Markus,J/Dieren op/1990/}) 13... Qc7 (13... Ne8 14. Ba3 (14. h4 h6
15. Ba3 Nc5 16. Nxc5 bxc5 17. Qe4 Nf6 18. Qf3 Nd7 19. Ne4 {1/2,Dorfman,
J-Boensch,U/Polanica Zdroj/1978/} Qc7 $11) 14... Nc5 15. Rac1 (15. Qe3 Qc7 16.
Rd2 Nf6 17. Nxf6+ Bxf6 18. Rc1 Rfd8 19. f3 Rac8 20. Rcd1 Be7 21. Ne4 h6 22. Bb2
Bf8 $11 {Kozlov,O-Bandza,A/Bratislava op/1990/}) 15... Qc7 16. b4 Nd7 17. c5 {
Vul,A-Fominyh,A/Bela Crkva/1990/} bxc5 18. bxc5 Nxc5 19. Nxc5 dxc5 20. Qd7 Ra7
21. Qxc7 Rxc7 $11) 14. Bb2 (14. Ba3 Nc5 15. Nxc5 (15. Nxf6+ $6 Bxf6 16. Qe3 b5
$1 $36 17. Rac1 $4 b4 {0-1,Majer,D-Krallmann,M/Kassel/1993/} 18. Bxb4 Qb7+ $19)
15... dxc5 16. Qe3 Rfd8 17. Bb2 Qc6+ 18. Qf3 Qxf3+ 19. Kxf3 Rxd1 20. Rxd1 Rd8
21. Rxd8+ Bxd8 22. Ne4 Nxe4 23. Kxe4 {1/2,Kharitonov,A-Yermolinsky,A/
Volgodonsk/ 1981/}) (14. Bg5 h6 15. Nxf6+ Nxf6 16. Be3 b5 17. cxb5 axb5 18. Kg1
Rfb8 19. a4 bxa4 20. bxa4 Nd7 21. Nb5 Qc2 {Lev,R-Wahls,M/Bern zt/1990/} 22. Qd3
$5 Qxd3 23. exd3 $132 {Wahls}) (14. Nxd6 $2 Rad8 15. b4 (15. Nde4 Nc5 16. Qe3
Rxd1 $19) 15... e5 16. Qd3 Nb8 $19) 14... Rfd8 15. f3 Nc5 16. Rac1 Qb7 17.
Nxf6+ Bxf6 18. Qd2 d5 19. cxd5 exd5 20. Na4 Bxb2 21. Nxb2 Qe7 22. Nd3 d4 23.
Rc4 h6 $132 {Grunberg,F-Cosma,I/ROM-ch sf Tusnad/2000/}) (12... Rc8 13. Nge4
Rc6 14. Bg5 (14. Ba3 $142 $14) 14... h6 15. Bc1 O-O 16. Ba3 Nc5 17. Nxc5 bxc5
18. Qf4 Ne8 19. Bb2 Rc7 20. Rd3 Bf6 21. Rad1 Qa8+ 22. Qf3 Qxf3+ 23. Kxf3 Be7
24. Kg2 g5 25. f3 Nf6 26. Na4 Nd7 27. e4 $11 {1/2,Eising,J-King,D/BL-2W8788/
1988/}) 13. Nge4 (13. f3 Rd8 (13... O-O $142) 14. Bb2 Nc5 15. Rd2 Qc6 16. Rad1
e5 $2 17. Qg1 h6 18. Nh3 b5 19. Ba3 $1 Rc8 20. Nd5 bxc4 21. Nxe7 Kxe7 22. Rxd6
Qxd6 23. Rxd6 Kxd6 24. bxc4 Rhd8 25. Qe3 Nfd7 26. Nf2 Ke6 27. Nd3 Nxd3 28. exd3
$16 {[%csl Re6] ->עe6,Robatsch,K-Chernin,A/AUT-chT/1994/}) 13... Nxe4 (13...
O-O $142 {-12...0-0!}) 14. Nxe4 O-O 15. Ba3 Qc6 16. f3 (16. Kg1 Nc5 $11 {/\}
17. Bb2 $4 e5 $19) 16... Nc5 $6 {Just as above, Black should have defended d6
indirectly with} (16... Rfd8 $142 $1 17. Bb2 (17. Bxd6 Nc5 (17... Nf6 $2 18.
Qe5 $16) 18. Bxc5 (18. Qe5 f6 19. Qf4 e5 20. Nxf6+ Bxf6 21. Bxe5 Qe6 $17) 18...
Rxd4 19. Bxd4 $11 {/=/+}) 17... Bf8 18. Ng5 (18. b4 Ne5 19. c5 bxc5 20. bxc5 d5
$11) 18... Nc5 19. b4 $5 (19. Rac1 h6 20. Ne4 Qb7 21. Rc2 Rd7 22. Rcd2 Rad8 23.
Nf2 $6 (23. Nxc5 $11) 23... b5 24. Nd3 Nxd3 25. Qxd3 bxc4 26. Qxc4 Rc8 $36 {
Debarnot,R-Szmetan,J/Mar del Plata/1979/}) 19... Na4 20. Qd3 g6 21. Bf6 $36)
17. Bb2 $1 {[%mdl 32] Forces a serious strategical concession.} f6 {[%csl Re6]}
(17... e5 18. Qd5 $14 {[%csl Rd5,Rd6,Re7] ><d5,d6,Be7 leads to a very passive
position.} (18. Qe3 $5)) 18. Nf2 $5 $146 {From here the N can be flexibly
deployed elsewhere (h3-f4, d3 etc.).} (18. Nc3 Rfd8 19. Rac1 Qb7 20. Qe3 Kf7
21. b4 Nd7 22. Ne4 Nf8 23. a3 Rac8 24. h4 Rc6 25. h5 h6 26. Qb3 Nd7 27. a4 Qb8
28. g4 a5 29. b5 Nc5 30. Nxc5 Rxc5 31. Bd4 Rc7 32. Qe3 Rb7 33. Qe4 $14 {
[%cal Yf3f4,Yg4g5] /+/-,(),/\f4,g5,Cifuentes Parada,R-Van der Erf,R/Hoogeveen/
1999/}) 18... Rf7 19. Rac1 f5 {[%cal Ye7f6] /\Bf6} 20. Rc2 $1 Rd8 {Black's
position is passive and he can't afford premature activity.} (20... b5 $6 21.
cxb5 Qxb5 22. Rdc1 $16) 21. Qe3 Bf6 $6 (21... h6 22. Nh3 $1 {[%cal Yh3f4,Rb3b4]
/\Nf4,b4|^} (22. b4 Bg5 $13)) (21... d5 $142 22. cxd5 Rxd5 (22... exd5 23. Nd3
$16) 23. Rdc1 h6 $5 $14 {/+/-}) 22. b4 Qa4 $2 (22... Na4 $8 23. Bxf6 Rxf6 24.
Qb3 $16 {פa4}) 23. Bxf6 Rxf6 $8 24. Rb2 $18 Nb7 (24... Nd7 25. Rxd6 $18) 25.
Qxb6 {The usually so solid Hedgehog setup fell apart with surprising ease.} (
25. Qxb6 Rd7 26. c5 $18) 1-0

[Event "Hamburg HSK"]
[Site "Hamburg"]
[Date "1996.??.??"]
[Round "1"]
[White "Wilhelmi, Christian"]
[Black "Wahls, Matthias"]
[Result "0-1"]
[WhiteElo "2355"]
[BlackElo "2540"]
[Annotator "Stohl,I"]
[PlyCount "58"]
[EventDate "1996.10.03"]
[EventType "tourn"]
[EventRounds "9"]
[EventCountry "GER"]
[EventCategory "9"]
[SourceTitle "CBM 056"]
[Source "ChessBase"]
[SourceDate "1997.02.01"]
[SourceVersion "1"]
[SourceVersionDate "1997.02.01"]
[SourceQuality "1"]

1. Nf3 Nf6 2. c4 c5 3. Nc3 e6 4. g3 b6 5. Bg2 Bb7 6. O-O d6 7. Re1 a6 (7... Be7
8. e4 a6 9. d4 cxd4 10. Nxd4 Qc7 11. Be3 (11. Qe2 Nbd7 12. Nc2 (12. f4 Rc8 13.
b3 b5 14. Nd5 $2 exd5 15. exd5 O-O 16. Ba3 Rfe8 17. cxb5 Qa5 {0-1,Balje,
J-Middelburg,T/Amsterdam Donner op/1996/}) 12... O-O 13. Bd2 Rac8 14. b3 Qb8
15. Rac1 Qa8 16. h3 Rfd8 17. Kh2 Nc5 18. f3 Re8 19. Be3 Qb8 20. Nd4 Bf8 $132 {
1/2,Hammes,F-Stuart,E/Copenhagen PC/1996/}) 11... O-O (11... Nbd7 12. f4 Rc8
13. Rc1 Qb8 14. Nd5 (14. b3 O-O 15. Qe2 Qa8 16. Bf2 Rfe8 17. Bf3 h6 18. a4 Bf8
19. e5 dxe5 20. fxe5 Nh7 21. Bxb7 Qxb7 22. Nf3 f5 23. exf6 Nhxf6 24. Ne5 Nxe5
25. Qxe5 Bb4 26. Qe2 Rcd8 $15 {Fridman,D-Shipov,S/Berliner Sommer/1996/}) 14...
exd5 15. exd5 Kf8 16. Nc6 Bxc6 17. dxc6 Nc5 18. b4 Ne6 19. f5 Nc7 20. Bf4 Nfe8
21. Rc3 Bf6 22. Rd3 h6 23. h4 Kg8 24. Qh5 $44 {Vaganian,R-Wojtkiewicz,A/Eupen
act/1996/}) 12. Rc1 Re8 (12... Nbd7 13. f4 Rfe8 14. g4 Nc5 15. Bf2 g6 16. b4
Rad8 17. Qf3 Ncxe4 18. Nxe4 Nxe4 19. Rxe4 Bxe4 20. Qxe4 d5 21. Nxe6 Qc8 22. Qe1
Qxe6 23. Qxe6 fxe6 24. Bxb6 Rb8 25. c5 Bd8 26. Bxd8 Rexd8 27. a3 a5 28. c6 Rdc8
29. bxa5 Rb5 $17 {Krivoshey,S-Shipov,S/Yalta op/1996/}) 13. b3 (13. f4 $142)
13... Bf8 14. g4 Nfd7 15. g5 Nc6 16. Nde2 Nc5 17. Ng3 Rad8 18. Bf1 Qb8 19. Qe2
Qa8 20. Bg2 Rc8 21. Red1 Red8 22. h4 g6 23. f4 Bg7 24. h5 Qb8 25. hxg6 hxg6 26.
f5 d5 $1 $36 {[%csl Rf2,Rf3,Rf4,Rg2,Rg3,Rg4,Rh2,Rh3,Rh4] Namgilov,S-Ulibin,M/
RUS-ch Elista/1996/ Black suddenly gets a raging counterattack against the
weakened K-side.}) 8. e4 Nbd7 (8... e5 9. d4 $1 cxd4 10. Nxd4 exd4 11. e5 Bxg2
12. exf6+ Kd7 13. Qxd4 $16 {->}) 9. b3 (9. d4 $142 cxd4 10. Nxd4 {[%cal Re4e5]
/\e5}) 9... Rc8 (9... Qc7 10. Bb2 Be7 11. d4 cxd4 12. Nxd4 O-O 13. Qe2 Rfe8 14.
Rad1 Rac8 15. f4 Nf8 16. h3 Ng6 17. f5 Nf8 18. fxe6 fxe6 19. Kh2 N6d7 20. h4
Bf6 21. Nf3 b5 $36 {1/2,Hausner,I-Gregor,J/CSR-ch/1991/}) 10. Bb2 Be7 11. d4
cxd4 12. Nxd4 Rc7 $1 {Black must treat White's tactical chances with care 
(White has a lead in development, Black's K still hasn't castled.)} (12... O-O
$2 13. e5 Bxg2 14. exf6 $18) (12... Qc7 13. Nd5 $5 exd5 14. exd5 Kf8 15. Nf5
$44) 13. f4 Qa8 {Wisely preventing e5.} (13... O-O $6 14. e5 dxe5 (14... Ne8 $2
15. Bxb7 Rxb7 16. Nc6 $18) 15. fxe5 Ne8 16. Bxb7 Rxb7 17. Qf3 $36) 14. f5 $6 {
White overreaches. Now Black's pieces suddenly spring to life in a typical
hedgehog style.} (14. Qe2 {was more prudent.} O-O (14... h5 $5 $13) 15. e5 (15.
g4 $5 $13) 15... Ne8 $132) 14... e5 15. Nc2 b5 $1 16. cxb5 $2 (16. Nd5 Bxd5 17.
cxd5 Bd8 $15) (16. Ne3 $142 $5 $13) 16... Rxc3 $1 17. Bxc3 Nxe4 {[%csl Gd6,Ge5,
Rg1,Rg2,Rh2] [+]} 18. Bxe4 (18. Bb4 Qa7+ 19. Ne3 axb5 $17) 18... Bxe4 19. Nb4 (
19. bxa6 $142 O-O $40) 19... axb5 $17 {Black gets another pawn for the
exchange and with a strong center and weak White's K he has a large advantage.}
20. Qd2 (20. Qe2 Qa7+ (20... Bxf5 $6 21. Qxb5 Bh3 22. Nd5) 21. Qf2 Qb7 $17 {
[%cal Re7d8,Rd8b6] /\Bd8-b6}) 20... Bd8 $1 21. a4 (21. Qxd6 Be7 $5 22. Qd2 Bc5+
23. Kf1 O-O $17 {/\} 24. Qxd7 Bg2+ 25. Ke2 Rd8 $40) 21... Bb6+ 22. Kf1 Bh1 {
[%cal Ra8f3] /\Qf3} 23. Qe2 (23. Re2 bxa4 24. Rxa4 Qf3+ 25. Ke1 O-O $19) 23...
bxa4 24. Rxa4 Qb7 25. Nd3 O-O $19 {[%cal Rh1c6,Rc6b5,Re5e4] /\Bc6-b5,e4 Black
has activated all his pieces and now finally castles. White is unable to
defend much longer.} 26. Ba5 (26. Rb4 Nf6 {[%cal Rf6d5,Rd5e3] /\Nd5-e3}) 26...
Ba7 27. Rb1 Bf3 (27... Nf6 $19) (27... Bc6 $19) 28. Qd2 Bc6 29. Rg4 (29. Rb4
Qa6 30. Ra1 e4 $19) 29... Bb5 {/\Qh1,e4-+} 0-1

[Event "EU-chT (Men) 12th"]
[Site "Batumi"]
[Date "1999.11.30"]
[Round "2.2"]
[White "Brestian, Egon"]
[Black "Ftacnik, Lubomir"]
[Result "0-1"]
[WhiteElo "2429"]
[BlackElo "2589"]
[Annotator "Stohl,I"]
[PlyCount "56"]
[EventDate "1999.11.06"]
[EventType "team-swiss"]
[EventRounds "9"]
[EventCountry "GEO"]
[SourceTitle "CBM 074"]
[Source "ChessBase"]
[SourceDate "2000.02.01"]
[SourceVersion "1"]
[SourceVersionDate "2000.02.01"]
[SourceQuality "1"]
[WhiteTeam "Austria"]
[BlackTeam "Slovakia"]
[WhiteTeamCountry "AUT"]
[BlackTeamCountry "SVK"]

1. c4 Nf6 2. Nf3 b6 3. g3 Bb7 4. Bg2 c5 5. O-O g6 6. b3 {A quiet move, which
doesn't give realistic chances to gain an advantage.} ({The most ambitious
attempt is} 6. Nc3 $142 Bg7 7. d4) 6... Bg7 7. Bb2 O-O 8. Nc3 Na6 (8... d5 9.
Nxd5 Nxd5 10. Bxg7 Kxg7 11. cxd5 Qxd5 12. d4 cxd4 13. Qxd4+ Qxd4 14. Nxd4 Bxg2
15. Kxg2 Rc8 16. Rac1 Na6 $5 $11 {is also possible, with approximate equality.}
(16... Nd7 $143 $6 17. Rfd1 Nc5 18. b4 Na4 19. Nb5 Rxc1 20. Rxc1 a5 21. a3 Rd8
22. Rc7 Rd5 23. Na7 axb4 24. axb4 e6 25. Nc6 Rd2 26. Ne5 Rxe2 27. Nxf7 h5 28.
Ng5+ Kf6 29. Kf1 $1 $18 {Smyslov,V-Benko,P/Monte Carlo/1969/})) 9. Rc1 (9. d4
d5 10. dxc5 (10. Ne5 e6 11. cxd5 exd5 12. dxc5 Nxc5 13. Nf3 Qd7 (13... Re8 14.
Rc1 (14. Nb5 a6 15. Nbd4 b5 16. Rc1 Qb6 17. Qc2 Nfe4 18. Qb1 b4 19. Rfd1 a5 20.
Rc2 Ba6 21. Bf1 a4 22. e3 a3 23. Ba1 Rac8 24. Bxa6 Qxa6 25. Ne1 h5 26. Ng2 Ne6
27. Nxe6 fxe6 28. Bxg7 Rxc2 29. Qxc2 Rc8 $1 $19 {[%csl Ra2,Rg1][%cal Gc8c1]
<->c,><a2,Kg1,Chekhov,V-Zaichik,G/Telavi/1982/}) 14... Rc8 15. Rc2 a6 16. Nd4
b5 17. Bh3 Rc7 18. e3 Nfe4 $6 19. b4 $1 Nxc3 20. Rxc3 Na4 21. Rxc7 Qxc7 22. Qd2
Nb6 23. Ba1 Nc4 24. Qc3 Qb6 25. Rc1 Bc8 26. Bg2 Bb7 27. Qe1 $14 {Dragomarezkij,
E-Gavrilov,A/Moscow/1995/}) 14. Rc1 Rfe8 15. Rc2 Rad8 16. b4 d4 $1 17. bxc5
dxc3 18. Qxd7 Nxd7 19. Bxc3 Nxc5 20. Bxg7 Kxg7 21. e3 Be4 22. Rb2 Nd3 $15 {
Ftacnik,L-Speelman,J/Thessaloniki olm/1984/}) 10... Nxc5 11. Nxd5 Nxd5 12. Bxg7
Kxg7 13. cxd5 Qxd5 14. Qxd5 Bxd5 15. Ne5 Bxg2 16. Kxg2 Rfc8 17. Rac1 f6 18. Nc4
Rc7 19. Rc2 Rd8 20. Rfc1 Ne6 21. e3 Rcd7 22. b4 g5 23. h3 h5 24. Kf3 g4+ 25.
hxg4 Ng5+ 26. Ke2 hxg4 27. Rd2 Nf3 28. Rxd7 Rxd7 29. Rc2 f5 30. Nd2 $11 {
Danielsen,H-Pigusov,E/Norresundby op/1992/}) 9... e6 $5 {Black wants more than
immediate simplification.} (9... d5 10. Nxd5 Nxd5 11. Bxg7 Kxg7 12. cxd5 Qxd5
13. d4 Rfd8 14. dxc5 Qxd1 15. Rfxd1 Nxc5 16. Ne5 Bxg2 17. Kxg2 Rxd1 18. Rxd1
Rc8 19. Rc1 Rd8 20. Rc2 Ne6 21. e3 f6 22. Rc6 Ng5 23. Nf3 Nxf3 24. Kxf3 {
1/2,Smejkal,J-Stohl,I/CZE-chT 9495/1995/}) 10. d4 d5 11. cxd5 exd5 (11... Nxd5
12. Na4 cxd4 13. Bxd4 Qe7 14. Bxg7 Kxg7 15. Nd4 Rad8 16. Qd2 Rc8 {1/2,Taimanov,
M-Suetin,A/WChS Bad Wildbad/ 1993/}) 12. e3 (12. dxc5 Nxc5 13. Nb5 Qd7 14. Nbd4
Nfe4 15. Rc2 a5 16. a3 Rfe8 17. Qb1 Rac8 18. Ba1 Ba6 19. Rd1 h5 $132 {1/2,Csom,
I-Ftacnik,L/Prague zt/1985/}) (12. Na4 $5 Ne4 13. Ba3 Rc8 14. Qd3 Re8 15. Bh3
f5 $6 16. Rfd1 Qf6 17. e3 Qe6 18. Bf1 Kh8 19. Ne5 Bxe5 20. dxe5 Kg8 21. Bb2 Nb4
22. Qb1 c4 23. Bd4 $14 {Fabiano,G-Estremera Panos,S/Montecatini Terme/1999/}) (
12. Ne5 Qe7 13. e3 Rfd8 14. Qe2 Nc7 15. Rfd1 h5 16. Ba3 Ne4 17. Nxe4 dxe4 18.
Nc4 Nb5 19. dxc5 Rxd1+ 20. Rxd1 Nxa3 21. Nxa3 Qxc5 22. Nc4 Bd5 23. Nd6 f5 24.
Qb5 Qxb5 25. Nxb5 Bc6 26. Bf1 Be5 27. a4 $11 {Cebalo,M-Kudrin,S/Palma de
Mallorca op/1989/}) 12... Qe7 13. dxc5 Nxc5 (13... bxc5 $143 $6 14. Na4 {
[%cal Yb2a3,Yf3e1,Ye1d3] /\Ba3,Ne1-d3|^ In this position the hanging pawns
would be more a liability, than an asset, the fianchettoed B would put them
under pressure.}) 14. Nd4 Rfd8 $13 {As has already been indicated in the
examples above, Black with his active pieces doesn't have to fear this
position with the isolated Pd5.} 15. b4 $6 {[%csl Rc4] This ambitious move
only weakens White's <<, especially the c4-square.} (15. Qc2 $142 Rac8 16. Rfd1
Nfe4 $11) 15... Ncd7 $1 {[%mdl 32];Capablanca,J-Alekhine,A World Championship
13th 1927 (21) 0-1 Black aims for the weakness and avoids simplification. The
strategical idea has been known for a long time and was already demonstrated
by Alekhine against Capablanca in a similar situation.} (15... Nce4 $143 16.
Nxe4 dxe4 17. Qa4 $132) 16. Qb3 Ne5 17. Rfd1 Rac8 {Just as in the classical
example patience is required before occupying the outpost.} (17... Nc4 $2 18.
Nxd5 Bxd5 19. Bxd5 Nxb2 20. Nc6 Nxd5 (20... Qf8 21. Nxd8 Nxd5 22. Qxd5 Nxd1 23.
Qxa8 $18) 21. Nxe7+ Nxe7 22. Rxd8+ Rxd8 23. Rc7 $16 {/+-}) 18. Nde2 {Allows
Black a tactical solution, based on the dynamic strength of the isolated pawn.}
(18. Nce2 $5 Nc4 19. Nf4 Ne4 $15) 18... d4 $1 {[%csl Gd4][%cal Gd5d4][%mdl 64]}
19. exd4 (19. Bxb7 Qxb7 (19... dxc3 $2 20. Bxc8 cxb2 21. Rxd8+ Qxd8 22. Qxb2
Nd3 23. Qc2 $5 Nxc1 24. Qxc1 $16) 20. Nxd4 Nfg4 $142 $1 $40 (20... Rxd4 $6 21.
exd4 Nf3+ 22. Kf1 Nxh2+ 23. Kg1 Nf3+ 24. Kf1 Nh2+ $11 (24... Bh6 25. Nd5 $1 $16
)) 21. h3 (21. Ncb5 Nf3+ 22. Nxf3 Qxf3 23. Rf1 Rxc1 24. Bxc1 Nxf2 $19) 21...
Rxd4 22. exd4 Nf3+ 23. Kf1 Ngh2+ 24. Ke2 Nxd4+ 25. Rxd4 Qf3+ $1 $19) (19. Nxd4
Bxg2 20. Kxg2 Qb7+ 21. Kg1 {-19.Bb7}) 19... Nf3+ 20. Bxf3 $8 (20. Kh1 Ng4 $19)
20... Bxf3 21. Rd3 Ba8 $1 $44 {[%csl Rg1][%cal Ga8h1] -> White has somehow
managed to stave off the first wave of the attack, but his position remains
precarious, the threats on the a8-h1/^ are not easy to cope with.} (21... Bxe2
$2 22. Re3 $14) 22. d5 $2 {After this tactical miscalculation Black regains
his pawn with interest.} (22. Re1 $142 Nd5 23. Nxd5 Bxd5 24. Re3 $1 Qb7 $40)
22... Nxd5 23. Nxd5 (23. Rxd5 Bxd5 24. Nxd5 Qxe2 $19) 23... Rxc1+ 24. Bxc1 (24.
Nxc1 Bxd5 $19 {/\} 25. Rxd5 Qe1+ 26. Kg2 Qe4+) 24... Qxe2 25. Bd2 (25. Be3 Bf8
$1 {[%cal Rd8d5,Re2f3] /\Rd5,Qf3-+} 26. Nf6+ Kh8 $1 27. Nd5 Qe1+ 28. Kg2 Qxb4
$19) (25. Re3 $6 Bxd5 26. Rxe2 Bxb3 27. axb3 Rd1+ $19) 25... Qe4 $1 $19 26. f3
$8 Bd4+ 27. Be3 (27. Kg2 Qxd5) 27... Bxe3+ (27... Qxd5 $4 28. Rxd4 $18) 28. Kg2
Bxd5 $1 (28... Bxd5 29. fxe4 Bxe4+ 30. Kf1 Rxd3 $19 {-> gives Black a large
material advantage with a continuing attack.}) 0-1

[Event "DEN-ch"]
[Site "Esbjerg"]
[Date "1997.03.23"]
[Round "2"]
[White "Hansen, Lars Bo"]
[Black "Hansen, Sune Berg"]
[Result "1/2-1/2"]
[WhiteElo "2545"]
[BlackElo "2505"]
[Annotator "Stohl,I"]
[PlyCount "78"]
[EventDate "1997.03.22"]
[EventType "tourn"]
[EventRounds "9"]
[EventCountry "DEN"]
[EventCategory "10"]
[SourceTitle "CBM 060"]
[Source "ChessBase"]
[SourceDate "1997.09.29"]
[SourceVersion "1"]
[SourceVersionDate "1997.09.29"]
[SourceQuality "1"]

1. Nf3 c5 2. c4 Nf6 3. Nc3 e6 4. g3 b6 5. Bg2 Bb7 6. O-O Be7 7. b3 a6 {The
move order in the game is considered somewhat weaker due to the continuation
playedby White. However, as current practice shows, things are not so clear
and even here Black manages to achieve a typical flexible hedgehog position,
albeit with a rather passive N on c8.} (7... d6 $142 $5 8. d4 cxd4 9. Qxd4 Nbd7
$132) 8. d4 cxd4 9. Qxd4 d6 10. Ba3 $5 Nc6 11. Qf4 (11. Qd2 $143 d5 $5 (11...
Qc7 12. Rac1 Na7 13. Rfd1 (13. Qd3 O-O 14. e4 Rfe8 15. Nd4 Rad8 16. f4 Nd7 17.
Rfd1 Nc8 18. Qe2 Bf8 19. f5 exf5 20. Nxf5 Nc5 21. Nd5 Bxd5 22. cxd5 Ne7 23. Nd4
Qa7 24. Rf1 b5 25. Kh1 Rc8 26. Qf3 Ng6 27. Nc6 $14 {Goswami,V-Kiran,P/
Goodricke Calcutta/1997/}) 13... Rd8 14. Qe3 (14. Qd4 O-O 15. e4 Ba8 16. Qe3
Qb7 17. Ne1 Qb8 18. Nd3 Nc6 19. h3 Rfe8 20. e5 dxe5 21. Bxe7 Nxe7 22. Bxa8 $14
{1/2,Ionescu,C-Polugaevsky,L/Luzern tt WCh/1985/}) (14. Qf4 O-O 15. Nd2 (15. e4
Qb8 16. Qe3 Nd7 17. Rd2 Rfe8 18. e5 Nc8 19. exd6 Nxd6 20. Qe2 $2 Nxc4 $1 21.
Bxe7 Nxd2 22. Bxd8 Nxf3+ 23. Bxf3 Bxf3 24. Qxf3 Rxd8 $17 {Landenbergue,C-Csom,
I/Budapest Elekes/1990/}) 15... Bxg2 16. Kxg2 Rd7 17. Nde4 Rfd8 18. Kg1 Ne8 19.
Ng5 Bf8 20. Bb2 h6 21. Nf3 Qb7 22. g4 g6 23. Ne4 e5 24. Qe3 Bg7 25. g5 h5 26.
Nc3 b5 27. Nd5 Nc8 28. Nd2 Ne7 29. Ne4 bxc4 30. Nxe7+ Rxe7 31. Rxc4 d5 $36 {
Cuadras,J-Suba,M/Roses/1992/}) 14... O-O 15. Bb2 Rfe8 16. h3 h6 17. g4 Nc8 18.
Kh1 Qc5 19. Nd4 Bxg2+ 20. Kxg2 Qc7 21. f4 Qb7+ 22. Qf3 Qxf3+ 23. Kxf3 Na7 24.
e3 Nd7 25. Rc2 Rc8 26. Rdc1 Rc7 27. Ke2 Nc5 28. b4 Nd7 29. Ne4 Rec8 30. a3 $14
{Petursson,M-Hansen,S/Copenhagen Aruna/1997/ (30)}) 12. Bxe7 Nxe7 13. cxd5
Nexd5 14. Nxd5 Nxd5 {1/2,Espig,L-Boensch,U/Halle-Neustadt/1982/}) 11... Qc7 $1
{Black retains his pawn structure.} ({The immediate central advance favours
White, as he has a lead in development. This gives him an advantage, when the
position opens up.} 11... d5 12. Bxe7 Nxe7 13. Rfd1 Qb8 14. Ne5 (14. Qxb8+ Rxb8
15. cxd5 Nfxd5 16. Nxd5 Bxd5 17. Rac1 Rb7 18. Ne5 Bxg2 19. Kxg2 O-O 20. Rd6 h6
21. e4 Re8 22. Kf3 Ra8 23. Ke3 a5 24. Rcd1 $16 {[%csl Ra5,Ra6,Rb5,Rb6][%cal
Gd1d8] <->d,׫,Andersson,U-Gheorghiu,F/Moscow izt/1982/}) 14... O-O 15. cxd5
Nexd5 16. Nxd5 Bxd5 (16... exd5 17. Nd3 Re8 18. e3 a5 19. Rac1 Re7 20. Qd4 Qd6
21. Nf4 $16 {Salov,V-Gurevich,M/Biel izt/1993/}) 17. e4 Bb7 18. Rac1 Rd8 19.
Rxd8+ Qxd8 20. Nxf7 $1 Qd4 21. Qd6 Qb2 22. Rf1 Re8 23. Qc7 Ba8 24. Ng5 h6 25.
Qf7+ Kh8 26. e5 {1-0,Karpov,A-Hansen,L/Thessaloniki olm/1988/}) 12. Rfd1 Rd8 (
12... Ne5 13. Nxe5 dxe5 14. Qc1 Bxg2 15. Kxg2 O-O 16. Bxe7 Qxe7 17. Qe3 Qc7 18.
f3 $14 {Banas,J-Jansa,V/Mar.Lazne CS-ch/1978/}) 13. Rac1 (13. Ng5 O-O 14. Nge4
Ne8 15. Qe3 Na7 16. Rac1 Nc8 17. Bb2 Qb8 18. a4 $4 (18. h4 $5 $14) 18... d5 {
0-1,Espig,L-Bischoff,K/Bad Woerishofen op/1997/} 19. Ng5 d4 $19) 13... Na7 14.
h3 $146 ({More ambitious, but also more risky is} 14. e4 O-O 15. Qe3 Nc8 16.
Nd4 Qb8 17. Qe2 Rfe8 18. Bb2 Bf8 19. Rd2 Ne7 20. f4 $6 (20. Re1 $142 Ng6 21.
Qd1 $14) 20... Ng6 21. Rf1 Qa8 22. Nc2 d5 $1 $36 {Bischoff,K-Marin,M/Goodricke
Calcutta/1997/}) 14... O-O 15. Qe3 {White gives his e2 pawn a more modest role,
he will advance it only one square. He emulates the plan from the
Petursson-Hansen game above.} Nc8 16. Bb2 Rfe8 17. Nd4 Bxg2 18. Kxg2 Na7 $1 {
This time Hansen proceeds in a more circumspect manner. He doesn't exchange Q,
as the endgame with a space advantage is somewhat unpleasant for Black, and
proceeds maneuvring in the style, which is model for this line.} (18... Qb7+
19. Qf3 Qxf3+ 20. Kxf3 $14 {Karpov,A (2690)-Gheorghiu,F (2545) Moscow EUchT
1977 (3) 1-0 A typical example of Black's difficulties in this type of
position is an old game}) 19. Qf3 Rd7 (19... Nd7 20. e3 Bf6 21. Ne4 $14) 20. e3
Rc8 $1 21. Rd2 h6 22. Ne4 (22. e4 $5 $14 {/\} Nc6 $6 23. Nd5 $36) 22... Qd8 (
22... Nxe4 23. Qxe4 Nc6 $5 $11 {Without any N the resulting endgame is about
equal.}) 23. Rdc2 Rdc7 24. g4 (24. Nd2 d5 $11) 24... Nh7 $5 {Although Black's
pieces remain on the back ranks, it's very difficult for White to show any
progress.} (24... Nxe4 25. Qxe4 Bf6 $132) 25. Ng3 Bf8 (25... b5 26. Qe2 bxc4
27. Rxc4 $14 {Black avoids any premature activity and lets White show his
plans.}) 26. Kh2 Nc6 $11 27. Nxc6 Rxc6 28. Qe2 (28. e4 $6 b5 29. Qe2 Qc7 $15)
28... Qc7 29. f4 b5 $1 $132 30. Rc3 Qa5 (30... bxc4 31. Rxc4 Qb7 $11) 31. a3 (
31. cxb5 Rxc3 32. Bxc3 Qxb5 $1 $11 (32... Rxc3 $2 33. Qd2 $16)) 31... b4 $1 (
31... d5 32. b4 {[%cal Rc4c5] /\c5|^}) 32. axb4 Qxb4 {[%csl Rb3,Re3,Rh2] ><b3,
e3,Kh2} 33. Qc2 Be7 34. Ne4 (34. e4 $6 Bf6 35. Nh5 (35. Rd3 Bxb2 36. Qxb2 Rxc4
$17) 35... Bxc3 36. Bxc3 Qb6 37. Bxg7 d5 38. Bxh6 e5 $5 $36) 34... Nf6 35. Nd2
Qb8 36. Qd3 Nd7 $5 (36... d5 37. cxd5 Rxc3 38. Rxc3 Nxd5 $11) 37. Ne4 Nf6 (
37... Nc5 $5 38. Nxc5 dxc5 39. Qc2 Bf6 40. Rd3 $11) 38. Nd2 Nd7 39. Ne4 Nf6
1/2-1/2